Elements of mechanical engineering

Saved in:
Bibliographic Details
Main Author: KUMAR, D.S
Format: Book
Language:English
Published: S.K.Kataria
Tags: Add Tag
No Tags, Be the first to tag this record!

MARC

LEADER 00000nam a22000007a 4500
008 240227b |||||||| |||| 00| 0 eng d
020 |a 9788188468448 
100 |a KUMAR, D.S. 
245 |a Elements of mechanical engineering  |c /D.S.Kumar  |g 643p 
260 |b S.K.Kataria  |h New Delhi  |i 701734  |i 701735  |i 701736  |l TJ146.K96  |m Mechanical engineering 
942 |a lcc  |c BK  |e Johnson  |f 27/02/24 
952 |0 0  |1 0  |2 lcc  |4 0  |6 TJ0146 K96  |7 0  |9 4918  |a TL  |b HOL  |c QZ  |d 2024-02-27  |l 0  |o TJ146.K96  |p 2024-0169  |r 2024-02-27 00:00:00  |t 701734  |w 2024-02-27  |y BK 
952 |0 0  |1 0  |2 lcc  |4 0  |6 TJ0146 K96  |7 0  |9 4919  |a HOL  |b HOL  |c QZ  |d 2024-02-27  |l 0  |o TJ146.K96  |p 2024-0170  |r 2024-02-27 00:00:00  |t 701735  |w 2024-02-27  |y BK 
952 |0 0  |1 0  |2 lcc  |4 0  |6 TJ0146 K96  |7 0  |9 4920  |a HOL  |b HOL  |c QZ  |d 2024-02-27  |l 0  |o TJ146.K96  |p 2024-0171  |r 2024-02-27 00:00:00  |t 701736  |w 2024-02-27  |y BK 
999 |c 2442  |d 2442